MARC

LEADER 00000nam0a2200000 4500
001 238498
005 20231101231618.0
035 |a (RuTPU)RU\TPU\book\259690 
090 |a 238498 
100 |a 20130527d1969 k y0rusy50 ca 
101 1 |a rus  |c eng 
102 |a RU 
105 |a a z 001zy 
200 1 |a Теория оптимальных аэродинамических форм  |e пер. с англ.  |f под ред. А. Миеле 
210 |a Москва  |c Мир  |d 1969 
215 |a 507 с.  |c ил. 
320 |a Библиогр. в конце гл. 
606 1 |a Газовая динамика  |x Вариационные методы  |2 stltpush  |3 (RuTPU)RU\TPU\subj\4558  |9 32812 
610 1 |a сверхзвуковые скорости 
610 1 |a гиперзвуковые скорости 
610 1 |a аэродинамические тела 
610 1 |a летательные аппараты 
610 1 |a проектирование 
610 1 |a вариационное исчисление 
610 1 |a формула давления Ньютона 
675 |a 533.6  |v 3 
702 1 |a Миеле  |b А.  |4 340 
801 1 |a RU  |b 63413507  |c 20130527 
801 2 |a RU  |b 63413507  |c 20221031  |g RCR 
942 |c BK